000 00758nam a2200193 i 4500
001 bg
245 0 0 _aKomputer w dydaktyce i projektowaniu architektonicznym :
_bogólnopolska konferencja, 2-3 kwietnia 1993, Białystok /
_cWydział Architektury Politechniki Białostockiej, Katedra Architektury Wsi i Przemysłu, Zakład Komputerowego Wspomagania Projektowania.
260 _aBiałystok :
_b[PB],
_c1993.
300 _a105 s. :
_brys. ;
_c24 cm.
504 _aBibliogr. przy ref.
650 9 _aKomputerowe wspomaganie projektowania |(CAD)
650 9 _aArchitektura
_xprojektowanie
655 _aMateriały konferencyjne
040 _cBPK
041 0 _apl
080 _a72.02:681.322](061.3)
942 _cKS
008 s pl f |000 0 pol
999 _c29958
_d29958
856 _uhttp://koha.tu.koszalin.pl/cgi-bin/koha/opac-detail.pl?biblionumber=29958
_yKatalog online BPK